|
|
|
|
| LEADER |
00692cam a22001937a 4500 |
| 001 |
c000108041 |
| 003 |
CARM |
| 005 |
19990211000000.0 |
| 008 |
990211s1967 enk 000 1 eng d |
| 019 |
1 |
|
|a 14499824
|5 LACONCORD2021
|
| 035 |
|
|
|a (OCoLC)30282797
|5 LACONCORD2021
|
| 040 |
|
|
|a VLINC
|b eng
|c VLINC
|
| 100 |
1 |
|
|a Cassells, John,
|d 1909-1975.
|
| 245 |
1 |
4 |
|a The audacious picaroon /
|c John Cassells.
|
| 260 |
|
|
|a London :
|b J. Long,
|c 1967.
|
| 300 |
|
|
|a 183 p.
|
| 852 |
8 |
|
|b CARM
|h A2:AJ03G0
|i A02108
|p 0155029
|f BK
|
| 999 |
f |
f |
|i a8b5abb3-d0b3-539a-b354-1749b3d40b31
|s 95e5d055-9d19-5698-abf9-759f409eb893
|
| 952 |
f |
f |
|p Can circulate
|a CAVAL
|b CAVAL
|c CAVAL
|d CARM 1 Store
|e A02108
|f A2:AJ03G0
|h Other scheme
|i book
|m 0155029
|